000 00610nam a2200193Ia 4500
003 LDD
008 190117s9999 xx 000 0 und d
020 _a9788188457755
_c₹300
040 _cLDD
041 _ahi
082 _a8H4.7 क59266घ
100 _aकमलेश्वर
245 0 _aघटनाचक्र
_cकमलेश्वर
260 _aनई दिल्ली
_bकल्याणी शिक्षा परिषद्
_c2011
300 _a192
901 _aVANI
904 _aReqst by : Satyakam
942 _2ddc
_cH
999 _c155597
_d155597